[Event "Ricany op"]
[Site "Ricany"]
[Date "2023.08.30"]
[Round "6"]
[White "Ocelak, David"]
[Black "Stufka, Martin"]
[Result "0-1"]
[WhiteElo "1640"]
[BlackElo "1258"]
[PlyCount "86"]
[EventDate "2023.08.26"]
[EventType "swiss"]
[EventRounds "9"]
[EventCountry "CZE"]
[SourceTitle "EXT 2024"]
[Source "ChessBase"]
[SourceDate "2023.10.10"]
[SourceVersion "1"]
[SourceVersionDate "2023.10.10"]
[SourceQuality "1"]

1. e4 c6 2. d4 d5 3. e5 Bf5 4. Nf3 e6 5. Be2 c5 6. c3 Nc6 7. 0-0 Qb6 8. a3 h6 9. Bd3 Bxd3 10. Qxd3 Nge7 11. g4 h5 12. g5 Nf5 13. Rd1 Be7 14. b4 c4 15. Qc2 a5 16. Qb2 h4 17. h3 Kd7 18. b5 Na7 19. a4 f6 20. Kh1 Raf8 21. Qe2 Qd8 22. exf6 gxf6 23. Re1 Qb6 24. Ba3 Nc8 25. Bc5 Qd8 26. Qxe6+ Kc7 27. Qxf5 fxg5 28. Qe5+ Bd6 29. Bxd6+ Nxd6 30. Nxg5 Re8 31. Ne6+ Rxe6 32. Qxe6 Re8 33. Qxe8 Nxe8 34. Nd2 Nd6 35. Re2 Qd7 36. Kh2 Qf5 37. Rg1 Qf4+ 38. Kg2 Qg5+ 39. Kf1 Qf5 40. Rg4 Qd3 41. Rxh4 Qxc3 42. Rh7+ Kb8 43. Rd7 Qxh3+ 0-1

[Event "CZE-ch U14"]
[Site "Teplice"]
[Date "2023.03.17"]
[Round "8"]
[White "Ocelak, David"]
[Black "Jasso, Matej"]
[Result "1/2-1/2"]
[WhiteElo "1608"]
[BlackElo "1934"]
[PlyCount "60"]
[EventDate "2023.03.11"]
[EventType "swiss"]
[EventRounds "9"]
[EventCountry "CZE"]
[SourceTitle "CBM 213 Extra"]
[Source "ChessBase"]
[SourceDate "2023.05.31"]
[SourceVersion "1"]
[SourceVersionDate "2023.05.31"]
[SourceQuality "1"]

1. e4 c5 2. Nf3 d6 3. d4 cxd4 4. Nxd4 Nf6 5. f3 a6 6. c4 g6 7. Nc3 Bg7 8. Be3 0-0 9. Be2 Nc6 10. 0-0 Qc7 11. Rc1 Nxd4 12. Bxd4 Bd7 13. Nd5 Nxd5 14. cxd5 Bxd4+ 15. Qxd4 Qa5 16. a3 Rfc8 17. Qe3 Rxc1 18. Rxc1 Rc8 19. Rxc8+ Bxc8 20. Kf1 Bd7 21. Qc3 Qxc3 22. bxc3 g5 23. Ke1 Kg7 24. Kd2 f5 25. exf5 Kf6 26. Ke3 Ke5 27. g4 h6 28. c4 Ba4 29. Bd3 Bd1 30. Bf1 Bb3 1/2-1/2

[Event "CZE-ch U14"]
[Site "Teplice"]
[Date "2023.03.15"]
[Round "6"]
[White "Topencik, Bruno"]
[Black "Ocelak, David"]
[Result "1/2-1/2"]
[WhiteElo "1844"]
[BlackElo "1608"]
[PlyCount "93"]
[EventDate "2023.03.11"]
[EventType "swiss"]
[EventRounds "9"]
[EventCountry "CZE"]
[SourceTitle "CBM 213 Extra"]
[Source "ChessBase"]
[SourceDate "2023.05.31"]
[SourceVersion "1"]
[SourceVersionDate "2023.05.31"]
[SourceQuality "1"]

1. e4 c5 2. Be2 Nc6 3. f4 e6 4. Nf3 d5 5. d3 Be7 6. 0-0 b6 7. e5 Nh6 8. c3 0-0 9. Kh1 a5 10. Be3 Ba6 11. Bf2 b5 12. Nbd2 Qc7 13. Rg1 Rfb8 14. g4 Bc8 15. g5 Nf5 16. Nh4 c4 17. Nxf5 exf5 18. Qf1 Be6 19. Qh3 Nd8 20. Rg3 Bd7 21. Bf3 Ne6 22. Be3 cxd3 23. Bxd5 Bc6 24. Bxc6 Qxc6+ 25. Qg2 Qxg2+ 26. Kxg2 Rd8 27. Nf3 Bc5 28. Bd2 Rd7 29. Nd4 Nxd4 30. cxd4 Rxd4 31. Be3 Rd5 32. Bxc5 Rxc5 33. Rxd3 Rc2+ 34. Kg3 Rac8 35. Rad1 Kf8 36. R1d2 Rxd2 37. Rxd2 Rc5 38. Rd8+ Ke7 39. Ra8 a4 40. Ra7+ Kf8 41. Rb7 a3 42. bxa3 Rc3+ 43. Kf2 Rxa3 44. Rxb5 Rxa2+ 45. Kg3 Ra3+ 46. Kf2 Ra2+ 47. Kg3 1/2-1/2

[Event "CZE-ch U14"]
[Site "Teplice"]
[Date "2023.03.14"]
[Round "5"]
[White "Ocelak, David"]
[Black "Krautschneider, Daniel Jan"]
[Result "1-0"]
[WhiteElo "1608"]
[BlackElo "1679"]
[PlyCount "65"]
[EventDate "2023.03.11"]
[EventType "swiss"]
[EventRounds "9"]
[EventCountry "CZE"]
[SourceTitle "CBM 213 Extra"]
[Source "ChessBase"]
[SourceDate "2023.05.31"]
[SourceVersion "1"]
[SourceVersionDate "2023.05.31"]
[SourceQuality "1"]

1. e4 c5 2. Nf3 Nc6 3. Bb5 g6 4. 0-0 Bg7 5. Re1 Nf6 6. c3 d5 7. e5 Ng4 8. d4 0-0 9. h3 Nh6 10. Bd2 Qb6 11. Bxc6 bxc6 12. Qc1 Nf5 13. g4 Nxd4 14. cxd4 cxd4 15. Na3 c5 16. Bh6 Ba6 17. Bxg7 Kxg7 18. Qd2 Rac8 19. Rac1 h6 20. h4 d3 21. b3 c4 22. bxc4 dxc4 23. Rc3 Rfd8 24. e6 f6 25. g5 hxg5 26. hxg5 f5 27. Qf4 Rd5 28. Nxc4 Qb4 29. Rec1 Rcd8 30. Qd2 Rh8 31. Rb3 Qa4 32. Qc3+ Kh7 33. Kg2 1-0